Statistiques concernant Culture Générale - Série 1204

Cliquez ici pour prendre le quiz!

Statistiques générales

  • Ce quiz a été pris 58 fois
  • Le résultat moyen est 6 sur 10

Statistiques - réponses

QuestionRéponse% Correct
Au XVIe siècle, dans quel pays est né l'opéra ?Italie
96%
Pendant combien d'années, Jacques Chirac a-t-il été Président de la République française ?12
89%
Dans quel pays situe-t-on la source du Rhin ?Suisse
84%
Sur quelle mer se situe le port de Riga, capitale de la Lettonie ?mer Baltique
77%
Combien de dents de lait compte la denture temporaire complète d'un enfant de 4 ans ?20
64%
Au tennis, quel tournoi du Grand Chelem se déroule en janvier ?Melbourne
55%
En 1996 à Atlanta, quel athlète a été champion olympique du saut en longueur ?Carl Lewis
41%
Dans le film “La vie est un long fleuve tranquille", quel acteur, prénommé Patrick, incarne le père Aurergé qui chante “Jésus, reviens” ?Patrick Bouchitey
29%
Dans le parc de quel château des Yvelines pourrez-vous visiter la "Laiterie" de Marie-Antoinette ?Rambouillet
13%
Quelle actrice américaine a été mariée avec l'écrivain Romain Gary ?Jean Seberg
11%

Distribution des résultats

Percentile par nombre de réponses

% des personnes avec chaque résultat

Votre développement - résultats

Vous n’avez pas pris ce quiz